The flora of the Nilgiri and pulney hill-tops (above 6,500 feet) (Record no. 306607)

MARC details
000 -LEADER
fixed length control field 00484nam a2200157Ia 4500
008 - FIXED-LENGTH DATA ELEMENTS--GENERAL INFORMATION
fixed length control field 191130s1974##################000#0#eng##
082 ## - DEWEY DECIMAL CLASSIFICATION NUMBER
Classification number 582.13095487 FYS
100 ## - MAIN ENTRY--AUTHOR NAME
Personal name Fyson, P. F
245 ## - TITLE STATEMENT
Title The flora of the Nilgiri and pulney hill-tops (above 6,500 feet)
Statement of responsibility, etc P.F. Fyson
260 ## - PUBLICATION, DISTRIBUTION, ETC. (IMPRINT)
Place of publication Dehra Dun
Name of publisher Bishen Singh Mahendra Pal Singh
Year of publication 1974
300 ## - PHYSICAL DESCRIPTION
Number of Pages xxvi, 475 p. : ill
991 ## -
-- 195439
Holdings
Withdrawn status Lost status Damaged status Not for loan Home library Current library Shelving location Date acquired Full call number Accession Number Price effective from Koha item type
        Anna Centenary Library Anna Centenary Library 5TH FLOOR, B WING 15.10.2020 582.13095487 FYS 173417 15.10.2020 English Books

Find us on the map